Name A State/Province/Territory Within These Borders - Statistics

General Stats
  • This quiz has been taken 9 times
  • The average score is 15 of 21
Answer Stats
Picture Answer % Correct
Alaska
100%
Arkansas | Louisiana | Oklahoma | Texas
89%
Arizona | Colorado | Kansas | Nebraska | New Mexico | Utah
78%
California | Nevada
78%
Delaware | New Jersey | New York
78%
Florida | Maine
78%
Hawaii
78%
Illinois | Indiana | Kentucky | Missouri
78%
Iowa | Minnesota | North Dakota | South Dakota | Wisconsin
78%
Maryland | Michigan | Ohio | Pennsylvania | West Virginia
78%
North Carolina | Tennessee | Virginia
78%
Oregon | Washington
78%
Alberta | British Columbia
67%
Connecticut | Massachusetts | New Hampshire | Rhode Island | Vermont
67%
Newfoundland and Labrador | Nunavut
67%
Ontario | Quebec
67%
Alabama | Georgia | Mississippi | South Carolina
56%
Idaho | Montana | Wyoming
56%
New Brunswick | Nova Scotia | Prince Edward Island
44%
Manitoba | Saskatchewan
33%
Northwest Territories | Yukon
33%
No matching quizzes found
Score Distribution
Percent of People with Each Score
Percentile by Number Answered
Your Score History
You have not taken this quiz